| 000 | 00979nam a22003257a 4500 | ||
|---|---|---|---|
| 001 | BR2011002965 | ||
| 003 | BR-BrBNA | ||
| 005 | 20230928103721.0 | ||
| 007 | ta | ||
| 008 | 230509b bl.||||| |||| 00| 0 por d | ||
| 040 |
_aBR-BrBNA _bpor _cBiblioteca Nacional de Agricultura |
||
| 041 | _a(Eng, Por) | ||
| 072 |
_aE71 _b5213 |
||
| 090 | _ 5213 BR2011002965 | ||
| 100 | 1 | _aGonçalves, R. | |
| 110 | 1 |
_aSociedade Mundial de Proteção Animal, Rio de Janeiro, RJ (Brasil) _99929 |
|
| 245 | 1 | _aDesvantagens econômicas da exportação brasileira de gado em pé | |
| 260 | 3 |
_aRio de Janeiro, RJ (Brasil): _c[nd]. |
|
| 300 | _a44 p. | ||
| 500 | _aPublished 2009? 49 ref.; 15 illus.; 19 graphs.; 15 tables | ||
| 650 | _aEXPORTAÇÃO | ||
| 650 | _aGADO | ||
| 650 | _aCARNE CONGELADA | ||
| 650 | _aCOURO | ||
| 650 | _aDISTRIBUIÇÃO GEOGRÁFICA | ||
| 650 | _aPREÇO INTERNACIONAL | ||
| 650 | _aPREÇO MÉDIO | ||
| 909 |
_a202309 _bLucia _c55 _dLucia Elande |
||
| 942 | _cBK | ||
| 999 |
_c76303 _d76303 |
||